Normal view
MARC view
Entry Geographic Name
001 - CONTROL NUMBER
- control field: 902003
003 - CONTROL NUMBER IDENTIFIER
- control field:
005 - DATE AND TIME OF LATEST TRANSACTION
- control field: 20210627092851.0
008 - FIXED-LENGTH DATA ELEMENTS
- fixed length control field: 210627|| aca||aabn | a|a d
040 ## - CATALOGING SOURCE
- Original cataloging agency:
- Transcribing agency:
151 ## - HEADING--GEOGRAPHIC NAME
- Geographic name: Jaipur (Rajasthan, India)
- Form subdivision: Telephone directories
670 ## - SOURCE DATA FOUND
- Source citation: Work cat.: ()774706: India. Posts and Telegraphs Department. Jaipur Division 902001, Telephone directory /, 1957
